[Event "MPL 35th National U-20 Girls Chess-ch 20"]
[Site "Haryana"]
[Date "2022.03.11"]
[Round "5.3"]
[White "Arushi Kotwal"]
[Black "Bhagyashree Patil"]
[Result "0-1"]
[WhiteElo "1854"]
[BlackElo "1974"]
[Annotator "TA"]
[PlyCount "134"]
[EventDate "2022.03.09"]
[EventCountry "IND"]
[SourceTitle "playchess.com"]
[Source "ChessBase"]
[SourceQuality "1"]

{[%evp 18,134,63,0,0,0,17,8,16,15,38,27,34,18,56,22,22,-9,-11,-27,20,-28,0,-33,-13,-129,0,0,0,0,0,-14,-5,-120,-116,-260,-246,-247,0,0,0,0,0,0,0,0,14,11,23,0,0,0,0,0,0,0,0,0,0,0,0,0,0,0,0,0,0,0,0,0,0,0,0,0,0,0,0,-63,0,-17,-18,-62,-69,-81,-60,-191,-177,-670,-664,-576,-566,-1133,-837,-904,-785,-1228,-1160,-1277,-1270,-1175,-720,-1181,-1180,-12844,-12844,-12845,-12845,-12845,-12846,-12848,-12848,-12849,-12849,-29986,-29987,-29987,-29988,-29988,-29988]} 1. d4 d5 2. Nf3 Nf6 3. c4 e6 4. Qc2 Be7 5. g3 b6 6. Bg2 Bb7 7. cxd5 Nxd5 8. O-O O-O 9. a3 Nd7 10. Nc3 (10. e4 $14 N5f6 11. Nc3) 10... c5 {E12: Queen's Indian: Unusual White 4th moves, 4 a3, 4 Nc3 Bb7 5 a3 and 4 Nc3 Bb7 .} 11. Nxd5 Bxd5 12. e4 Bb7 {The position is equal.} 13. Rd1 {[#]} Qc8 $146 ({Predecessor:} 13... cxd4 14. Rxd4 Qe8 15. Rc4 Ba6 16. Rc3 Bf6 17. Re3 Ne5 18. Nxe5 Bxe5 19. Bf1 Rc8 {1-0 (43) Goldin,R (2285)-Prozhanski,G (2240) Safed 2021}) 14. d5 exd5 15. exd5 Bd6 16. Ng5 {[%csl Gg5][%cal Rc2h7] [#]} (16. Bd2 {is interesting.} Ne5 17. Ng5 Ng6 18. Ne4 Rd8 19. Bc3) 16... Nf6 17. Ne4 (17. Bd2 $5 {[%cal Rd2c3]}) 17... Nxe4 18. Bxe4 g6 {Prevents Bf5.} (18... f5 {is more appropriate.} 19. Bf3 Qd7) 19. h4 (19. Bg2 $142) 19... Re8 20. Kg2 Qd7 21. h5 (21. Bf3 $11) 21... Qe7 (21... Be5 $17 {Hoping for ...Bd4.} 22. hxg6 hxg6) 22. Bf3 $11 Qf6 23. Bd2 $1 Rad8 24. Qc1 Qf5 25. hxg6 (25. Qb1 $11 {keeps the balance.}) 25... fxg6 $17 {And now ...Rf8 would win.} ({But not} 25... hxg6 $6 26. Qb1 $11) 26. Bc3 (26. Qc3 $17) 26... Rf8 $19 27. Qe3 Rf7 $2 ({Inferior is} 27... Bc8 28. Be4 Qh3+ 29. Kg1 $17) ({Black should play} 27... Rde8 $19 28. Qd3 Qf7) 28. Be4 $1 $36 {[%mdl 2048] White has the initiative.} Qg4 29. Bf3 $1 Qd7 {White must now prevent ...Rdf8.} 30. Be4 $1 Re8 31. f3 {To avoid Qg4} Qc7 ({Don't take} 31... Bc8 32. Rh1 $14) 32. Qg5 {aiming for Rh1.} Be7 33. Qe5 (33. Qh6 {seems wilder.} Bf6 34. Re1 Ref8 35. Rad1 Qd7 36. Qh3) 33... Qxe5 34. Bxe5 Bg5 35. Bc3 Rd7 36. Rd3 Ba6 {[%cal Oe8e4]} 37. Rdd1 Bc4 38. d6 {Strongly threatening Bc6.} Re6 39. Bd5 Bxd5 40. Rxd5 Bf6 41. Bxf6 Rxf6 {[%mdl 4096] Endgame KRR-KRR} 42. Rad1 a6 43. a4 Kf8 44. f4 Ke8 45. Kf3 Kd8 46. R5d3 Kc8 47. Rh1 ({Better is} 47. a5 $11) 47... Kb7 (47... h5 $1 $15) 48. g4 Kc6 49. g5 (49. Rh6 $11) 49... Rfxd6 $15 50. Rxd6+ {White is now going downhill.} Kxd6 {KR-KR} 51. Ke4 (51. f5 $1 $15) 51... Ke6 $19 {...Rd4+ is the strong threat.} 52. b3 $2 (52. Re1) 52... Rd4+ 53. Ke3 {[#]} Kf5 $1 {Threatens to win with ...Re4+.} 54. Rxh7 Re4+ 55. Kd3 Rxf4 56. Rb7 Rb4 57. Kc3 Kxg5 58. Rd7 Kh5 59. Rd3 g5 {[%cal Bg6g5,Bg5g4,Bg4g3,Bg3g2][%mdl 32]} 60. Kd2 Rd4 61. Rxd4 cxd4 {KP-KP} 62. Kd3 g4 63. Kxd4 g3 64. Ke3 Kg4 {( -> ...g2)} 65. Ke2 Kh3 {Black mates.} 66. Kf3 g2 67. Kf2 Kh2 {Weighted Error Value: White=0.76/Black=0.15 (very precise)} 0-1

[Event "MPL 35th National U-20 Girls Chess-ch 20"]
[Site "Haryana"]
[Date "2022.03.11"]
[Round "5.4"]
[White "Tanishka Kotia"]
[Black "Kriti Mayur Patel"]
[Result "1-0"]
[WhiteElo "1849"]
[BlackElo "1440"]
[Annotator "NA RC"]
[PlyCount "109"]
[EventDate "2022.03.09"]
[EventCountry "IND"]
[SourceTitle "playchess.com"]
[Source "ChessBase"]
[SourceQuality "1"]
[TimeControl "5400+30"]

1. e4 {[%emt 0:00:10]} e5 {[%emt 0:00:05]} 2. Bc4 {[%emt 0:00:09]} Nf6 {[%emt 0:00:09]} 3. d3 {[%emt 0:00:07]} Nc6 {[%emt 0:01:11]} 4. Nc3 {[%emt 0:00:17]} Bc5 {[%emt 0:02:59]} 5. f4 {[%emt 0:01:00]} d6 {[%emt 0:02:12]} 6. Nf3 {[%emt 0:01:17]} Bg4 {[%emt 0:08:21]} 7. Na4 {[%emt 0:01:07]} Bb6 {[%emt 0:07:06]} 8. Nxb6 {[%emt 0:02:27]} axb6 {[%emt 0:00:09]} 9. c3 {[%emt 0:09:31]} Bxf3 {[%emt 0:04:31]} 10. Qxf3 {[%emt 0:11:04]} h6 {[%emt 0:05:48]} 11. O-O {[%emt 0:03:31]} O-O {[%emt 0:02:34]} 12. Bb3 {[%emt 0:06:37]} b5 {[%emt 0:06:07]} 13. Be3 {[%emt 0:20:25]} Kh7 {[%emt 0:03:32]} ({Black should try} 13... b4) 14. Qh3 {[%emt 0:02:09]} (14. fxe5 $18 Nxe5 15. Qf5+ Kg8 16. d4) 14... Qd7 {[%emt 0:05:22] [#]} 15. f5 $1 {[%emt 0:00:33]} Rh8 {[%emt 0:02:32]} 16. Bg5 {[%emt 0:07:16]} Qe7 {[%emt 0:01:41]} 17. Rf3 {[%emt 0:03:48]} Kg8 {[%emt 0:02:21]} 18. Bxf6 {[%emt 0:00:01]} Qxf6 {[%emt 0:00:26]} 19. Rg3 {[%emt 0:00:17]} Kf8 {[%emt 0:02:16] [#]} (19... Kh7 $1 $11 {keeps the balance.}) 20. Rf1 $1 {[%emt 0:00:35]} Ke7 {[%emt 0:01:51] [#]} (20... Ke8 $16 {might work better.}) 21. Rxg7 $1 {[%emt 0:01:02]} Raf8 {[%emt 0:04:50]} 22. Qg3 {[%emt 0:03:18]} Na5 $2 {[%emt 0:01:26] [#]} (22... Kd8 {is more resistant.} 23. a4 Na5) 23. Bxf7 $1 {[%emt 0:03:17]} Rxf7 {[%emt 0:04:09]} 24. Rg6 {[%emt 0:00:22]} Rhf8 {[%emt 0:00:53]} 25. Rxf6 {[%emt 0:00:48]} Rxf6 {[%emt 0:00:02]} 26. d4 {[%emt 0:03:09]} Nc6 {[%emt 0:00:57]} 27. Qd3 {[%emt 0:01:05]} Rb8 {[%emt 0:03:08]} 28. Rf3 {[%emt 0:03:08]} Kf7 {[%emt 0:05:08]} 29. Qxb5 {[%emt 0:01:00]} Ke7 {[%emt 0:01:11]} 30. Qd5 {[%emt 0:01:47]} Rbf8 {[%emt 0:03:14]} 31. Rg3 {[%emt 0:02:05]} R8f7 {[%emt 0:00:51]} 32. Qb5 {[%emt 0:01:36]} exd4 {[%emt 0:00:25]} 33. Qxb7 {[%emt 0:00:22]} Kd7 {[%emt 0:00:24]} 34. Rg8 {[%emt 0:00:58]} Rf8 {[%emt 0:00:27]} 35. Rg7+ {[%emt 0:00:29]} R8f7 $18 {[%emt 0:00:53]} 36. Rxf7+ {[%emt 0:00:12]} Rxf7 {[%emt 0:00:05]} 37. cxd4 {[%emt 0:00:09]} Re7 {[%emt 0:00:58]} 38. Qb5 {[%emt 0:00:30]} Rxe4 {[%emt 0:01:08]} 39. d5 {[%emt 0:00:12]} Re5 {[%emt 0:00:29]} 40. Qxc6+ {[%emt 0:00:33]} Kd8 {[%emt 0:00:31]} 41. f6 {[%emt 0:00:45]} Rf5 {[%emt 0:00:16]} 42. Qa8+ {[%emt 0:00:13]} Kd7 {[%emt 0:00:07]} 43. Qg8 {[%emt 0:00:10]} Rxf6 {[%emt 0:00:20]} 44. Qg7+ {[%emt 0:00:08]} Kc8 {[%emt 0:00:10]} 45. Qxf6 {[%emt 0:00:06]} Kb7 {[%emt 0:00:06]} 46. Qxh6 {[%emt 0:00:16]} Kb6 {[%emt 0:00:06]} 47. g4 {[%emt 0:00:09]} Kb7 48. g5 {[%emt 0:00:04]} c6 49. dxc6+ {[%emt 0:00:07]} Kxc6 {[%emt 0:00:17]} 50. g6 {[%emt 0:00:03]} Kc7 {[%emt 0:00:04]} 51. g7 {[%emt 0:00:05]} Kb7 {[%emt 0:00:03]} 52. g8=Q {[%emt 0:00:07]} Ka7 {[%emt 0:00:03]} 53. Qxd6 {[%emt 0:00:10]} Kb7 {[%emt 0:00:04]} 54. Qg7+ {[%emt 0:00:08]} Kc8 {[%emt 0:00:05]} 55. Qdc7# {[%emt 0:00:05]} 1-0

[Event "MPL 35th National U-20 Girls Chess-ch 20"]
[Site "Haryana"]
[Date "2022.03.11"]
[Round "5.5"]
[White "Udagedara, Sandali Kanishka"]
[Black "Bommini Mounika Akshaya"]
[Result "0-1"]
[WhiteElo "1510"]
[BlackElo "2145"]
[Annotator "TA"]
[PlyCount "52"]
[EventDate "2022.03.09"]
[EventCountry "IND"]
[SourceTitle "playchess.com"]
[Source "ChessBase"]
[SourceQuality "1"]

{[%evp 9,52,11,16,-10,27,2,1,-14,-5,-11,-9,-49,-49,-47,-41,-47,-56,-53,-33,-86,-48,-103,-125,-119,-120,-195,-206,-243,-247,-231,-238,-272,-260,-294,-269,-418,-406,-372,-370,-408,-407,-744,-718,-29997,-29998]} 1. c4 e5 2. Nc3 Bb4 3. g3 Bxc3 4. bxc3 Nc6 5. Bg2 d6 6. d4 {A21: English Opening: 1...e5 2 Nc3.} Nge7 7. d5 Nb8 8. e4 {The position is equal.} Nd7 {[#]} 9. Be3 $146 ({Predecessor:} 9. Nf3 Nc5 10. Qe2 f5 11. Nh4 O-O 12. Bg5 Qe8 13. O-O f4 14. gxf4 exf4 15. e5 {0-1 (41) Launiau,S (2075)-Repasi,Z (2221) Balatonlelle 2006}) 9... O-O 10. Ne2 f5 11. O-O fxe4 12. Bxe4 Nf6 13. Bg2 b6 14. h3 (14. Bg5 $15) 14... Nf5 15. Bc1 (15. Bg5 $15) 15... Qe8 $17 16. a4 a5 17. Re1 {[#]} (17. f4 $17) 17... Qg6 $1 $19 18. Bd2 Ba6 19. Qb3 Nd7 20. Nc1 Nc5 21. Qa2 Rf7 22. Be3 (22. Re2 $142) 22... Nxe3 23. Rxe3 Raf8 24. Re2 h5 {[%cal Bh7h5,Bh5h4][%mdl 32]} 25. Kh2 (25. Qc2 $142 Qxc2 26. Rxc2) 25... h4 {[%cal Of7f2] Hoping for ...Rxf2!} 26. Bh1 {[#]} Rxf2+ $1 {[%mdl 512] Weighted Error Value: White=0.84/Black=0.03 (flawless)} 0-1

[Event "MPL 35th National U-20 Girls Chess-ch 20"]
[Site "Haryana"]
[Date "2022.03.11"]
[Round "5.6"]
[White "Rindhiya V"]
[Black "Varshita Jain"]
[Result "1-0"]
[WhiteElo "1949"]
[BlackElo "1491"]
[Annotator "TA"]
[PlyCount "61"]
[EventDate "2022.03.09"]
[EventCountry "IND"]
[SourceTitle "playchess.com"]
[Source "ChessBase"]
[SourceQuality "1"]

{[%evp 11,61,14,14,8,21,21,34,20,32,33,39,15,15,20,11,19,14,11,51,44,56,40,61,27,39,18,52,54,45,47,55,58,70,64,340,82,83,-21,-22,-41,-25,-25,251,250,1006,1006,987,948,989,987,29990,29991]} 1. e4 e5 2. Nf3 Nc6 3. Bc4 Bc5 4. c3 Nf6 5. d3 {[%cal Bd2d3,Bd3d4][%mdl 32]} d6 6. Bb3 O-O 7. h3 {C54: Giuoco Piano: 4 c3 Nf6, main lines with 5 d4 and 5 d3.} a6 8. O-O Ne7 9. d4 {[#] White is slightly better.} Bb6 $146 ({Predecessor:} 9... Ba7 10. Re1 Ng6 11. Nbd2 Re8 12. Nf1 Be6 13. Bxe6 Rxe6 14. d5 Re8 15. Ng3 Nf4 {1-0 (66) Lilja,R (2102)-Aubert,C (1997) Aalborg 2018}) 10. Re1 Ng6 11. Bc2 h6 12. Be3 c6 13. Nbd2 {[%cal Bb1d2,Bd2f1,Bf1g3][%mdl 32]} Be6 14. Nf1 Bc7 15. Ng3 Qd7 16. Qe2 Rad8 17. Rad1 {dxe5 is the strong threat.} (17. c4 $5 {[%cal Rd4d5]}) 17... Qc8 $1 18. Nf5 Nxe4 {[#]} 19. Nxh6+ gxh6 20. Bxe4 f5 21. Bc2 e4 22. Bxh6 {Strongly threatening d5.} Rfe8 $2 {[%mdl 8192] [#]} (22... Rf6 $1 $14) 23. Ng5 $2 (23. Qd2 $1 $18 {is more deadly.}) 23... d5 $16 24. Nxe6 {Chess con chili.} ({Much weaker is} 24. Qh5 $6 Nf4 25. Qh4 Ng6 $11) (24. g3 $16 {Hoping for Qh5.} Qd7 25. h4 (25. Qh5 Bf7 $16)) 24... Qxe6 $11 25. Qh5 Rd7 {White must now prevent ...Rh7.} 26. f3 $1 Rh7 $2 {[%mdl 8192]} (26... Ree7 $11 {and Black stays safe.} 27. fxe4 fxe4) 27. fxe4 $18 fxe4 {[#]} (27... Bf4) 28. Rxe4 $3 {[%mdl 512]} dxe4 29. Bb3 {Qxg6+ would kill now.} Rxh6 30. Qxh6 Bf4 31. Qxg6+ {[%mdl 64] Pin, Double Attack.  Weighted Error Value: White=0.33/Black=0.66} 1-0

[Event "MPL 35th National U-20 Girls Chess-ch 20"]
[Site "Haryana"]
[Date "2022.03.11"]
[Round "6.1"]
[White "Priyanka Nutakki"]
[Black "Lakshmi C"]
[Result "1-0"]
[WhiteElo "2301"]
[BlackElo "1968"]
[Annotator "ChessBase"]
[PlyCount "113"]
[EventDate "2022.03.09"]
[EventCountry "IND"]
[SourceTitle "playchess.com"]
[Source "ChessBase"]
[SourceQuality "1"]
[TimeControl "5400+30"]

1. d4 {[%emt 0:00:15]} Nf6 {[%emt 0:00:21]} 2. c4 {[%emt 0:00:10]} g6 {[%emt 0:00:08]} 3. Nc3 {[%emt 0:00:07]} Bg7 {[%emt 0:00:08]} 4. e4 {[%emt 0:00:05]} d6 {[%emt 0:00:08]} 5. Be2 {[%emt 0:00:24]} O-O {[%emt 0:07:03]} 6. Be3 {[%emt 0:00:06]} Na6 {[%emt 0:14:30]} 7. Nf3 {[%emt 0:02:33]} Ng4 {[%emt 0:15:17]} 8. Bg5 {[%emt 0:00:44]} c5 {[%emt 0:05:01]} 9. d5 {[%emt 0:09:14]} f5 {[%emt 0:19:21]} 10. exf5 {[%emt 0:06:00]} Bxf5 {[%emt 0:02:28]} 11. h3 {[%emt 0:00:38]} Nf6 {[%emt 0:11:15]} 12. Bd3 {[%emt 0:01:14]} Qd7 {[%emt 0:00:30]} 13. a3 {[%emt 0:10:35]} e5 {[%emt 0:01:47]} 14. Be2 {[%emt 0:07:39]} Qf7 {[%emt 0:04:22]} 15. Be3 {[%emt 0:00:39]} Nc7 {[%emt 0:04:04]} 16. Ng5 {[%emt 0:01:42]} Qe8 {[%emt 0:06:33]} 17. g4 {[%emt 0:00:09]} Bc8 {[%emt 0:00:34]} 18. Nge4 {[%emt 0:03:54]} Qd7 {[%emt 0:01:26]} 19. b4 {[%emt 0:06:27]} b6 {[%emt 0:00:31]} 20. Rb1 {[%emt 0:01:08]} Nce8 {[%emt 0:03:42]} 21. Ng5 {[%emt 0:02:28]} Nc7 {[%emt 0:00:39]} 22. Bf3 {[%emt 0:01:09]} Ba6 {[%emt 0:00:48]} 23. Ne6 Nxe6 24. dxe6 {[%emt 0:01:58]} Qxe6 {[%emt 0:00:52]} 25. g5 {[%emt 0:07:13]} e4 {[%emt 0:00:48]} 26. Be2 {[%emt 0:00:19]} Nd7 {[%emt 0:00:36]} 27. Nd5 {[%emt 0:00:01]} Rac8 {[%emt 0:00:21]} 28. Qa4 {[%emt 0:01:33]} Nb8 {[%emt 0:00:41]} 29. Bg4 {[%emt 0:00:30]} Qe5 {[%emt 0:00:31]} 30. Bxc8 {[%emt 0:02:24]} Bxc4 {[%emt 0:00:18]} 31. Bb7 {[%emt 0:04:12]} Bxd5 {[%emt 0:00:39]} 32. Bxd5+ {[%emt 0:00:06]} Qxd5 {[%emt 0:00:02]} 33. Qb3 {[%emt 0:02:51]} c4 {[%emt 0:00:32]} 34. Qc2 {[%emt 0:00:06]} Nc6 35. Rd1 {[%emt 0:01:03]} Nd4 {[%emt 0:01:25]} 36. Rxd4 {[%emt 0:00:14]} Bxd4 {[%emt 0:00:29]} 37. Qd2 {[%emt 0:00:01]} c3 {[%emt 0:00:34]} 38. Qxd4 {[%emt 0:00:04]} Qxd4 {[%emt 0:00:22]} 39. Bxd4 {[%emt 0:00:01]} Rf3 {[%emt 0:00:24]} 40. Be3 {[%emt 0:02:32]} d5 41. Ke2 {[%emt 0:00:12]} Kf7 {[%emt 0:00:40]} 42. Rc1 {[%emt 0:00:20]} Ke6 {[%emt 0:00:54]} 43. Rxc3 {[%emt 0:00:29]} Rxh3 {[%emt 0:00:24]} 44. a4 {[%emt 0:05:18]} Kd6 {[%emt 0:00:30]} 45. a5 {[%emt 0:02:47]} bxa5 {[%emt 0:00:44]} 46. bxa5 {[%emt 0:00:00]} a6 {[%emt 0:00:11]} 47. Rc8 {[%emt 0:00:00]} Ke5 {[%emt 0:00:49]} 48. Re8+ {[%emt 0:05:16]} Kf5 {[%emt 0:00:15]} 49. Rf8+ {[%emt 0:04:42]} Ke5 {[%emt 0:00:20]} 50. Ra8 {[%emt 0:02:34]} Kf5 {[%emt 0:00:52]} 51. Rxa6 {[%emt 0:00:41]} d4 {[%emt 0:00:22]} 52. Bxd4 {[%emt 0:00:11]} Kxg5 {[%emt 0:00:06]} 53. Be3+ {[%emt 0:00:07]} Kf5 {[%emt 0:00:04]} 54. Ra8 {[%emt 0:00:08]} Rh1 {[%emt 0:00:04]} 55. a6 {[%emt 0:00:03]} Ra1 {[%emt 0:00:10]} 56. a7 {[%emt 0:00:05]} Ra2+ {[%emt 0:00:03]} 57. Kf1 {[%emt 0:00:03]} 1-0

[Event "MPL 35th National U-20 Girls Chess-ch 20"]
[Site "Haryana"]
[Date "2022.03.11"]
[Round "6.2"]
[White "Bhagyashree Patil"]
[Black "Tanishka Kotia"]
[Result "1-0"]
[WhiteElo "1974"]
[BlackElo "1849"]
[Annotator "ChessBase"]
[PlyCount "166"]
[EventDate "2022.03.09"]
[EventCountry "IND"]
[SourceTitle "playchess.com"]
[Source "ChessBase"]
[SourceQuality "1"]
[TimeControl "5400+30"]

1. e4 {[%emt 0:00:18]} d5 {[%emt 0:00:08]} 2. exd5 {[%emt 0:00:09]} Nf6 {[%emt 0:00:06]} 3. Nf3 Nxd5 {[%emt 0:00:22]} 4. d4 {[%emt 0:02:17]} Bg4 {[%emt 0:02:04]} 5. Be2 {[%emt 0:01:41]} e6 {[%emt 0:01:00]} 6. c4 {[%emt 0:03:01]} Bb4+ {[%emt 0:04:34]} 7. Bd2 {[%emt 0:06:22]} Bxd2+ {[%emt 0:00:13]} 8. Qxd2 {[%emt 0:00:04]} Nb6 {[%emt 0:01:22]} 9. Na3 {[%emt 0:03:03]} Qe7 {[%emt 0:16:34]} 10. O-O {[%emt 0:04:54]} Nc6 {[%emt 0:06:34]} 11. Qf4 {[%emt 0:07:46]} Bh5 {[%emt 0:01:01]} 12. d5 {[%emt 0:08:39]} exd5 {[%emt 0:06:04]} 13. cxd5 Nxd5 {[%emt 0:02:13]} 14. Qf5 {[%emt 0:05:55]} Nf6 {[%emt 0:00:25]} 15. Ba6 {[%emt 0:04:23]} Bxf3 {[%emt 0:12:23]} 16. Qxf3 {[%emt 0:02:44]} O-O {[%emt 0:08:43]} 17. Bxb7 {[%emt 0:00:46]} Nd4 {[%emt 0:00:37]} 18. Qe3 {[%emt 0:11:12]} Ne2+ {[%emt 0:11:21]} 19. Kh1 {[%emt 0:00:04]} Qxe3 {[%emt 0:00:09]} 20. fxe3 {[%emt 0:00:02]} Rab8 {[%emt 0:00:24]} 21. Bf3 {[%emt 0:06:44]} Rxb2 {[%emt 0:00:20]} 22. Nc4 {[%emt 0:00:57]} Rc2 {[%emt 0:00:20]} 23. Na3 {[%emt 0:00:03]} Rc3 {[%emt 0:04:00]} 24. Nb5 {[%emt 0:00:02]} Rxe3 {[%emt 0:00:12]} 25. Nxa7 {[%emt 0:00:58]} Nd4 {[%emt 0:01:02]} 26. a4 {[%emt 0:02:52]} Nxf3 {[%emt 0:01:41]} 27. gxf3 {[%emt 0:00:35]} Ra8 {[%emt 0:00:45]} 28. Nc6 {[%emt 0:01:24]} Rc3 {[%emt 0:00:29]} 29. Rac1 {[%emt 0:02:11]} Rxc1 {[%emt 0:01:00]} 30. Rxc1 {[%emt 0:00:02]} Rxa4 {[%emt 0:00:09]} 31. Ne7+ {[%emt 0:00:06]} Kf8 {[%emt 0:00:21]} 32. Rxc7 {[%emt 0:00:16]} g6 {[%emt 0:01:39]} 33. Nc6 {[%emt 0:01:07]} Nd5 {[%emt 0:03:10]} 34. Rb7 {[%emt 0:01:37]} Ne3 {[%emt 0:02:34]} 35. Kg1 {[%emt 0:00:44]} Rf4 {[%emt 0:02:57]} 36. Kf2 {[%emt 0:01:08]} Nf5 {[%emt 0:00:46]} 37. Ne5 {[%emt 0:00:42]} Nh4 {[%emt 0:02:16]} 38. Kg3 {[%emt 0:01:02]} g5 {[%emt 0:00:11]} 39. Rb3 {[%emt 0:00:56]} f6 {[%emt 0:00:49]} 40. Ng4 {[%emt 0:02:04]} Nf5+ {[%emt 0:00:44]} 41. Kg2 {[%emt 0:00:04]} Nd4 {[%emt 0:00:36]} 42. Rb4 {[%emt 0:00:12]} Kf7 {[%emt 0:00:44]} 43. h3 {[%emt 0:00:45]} h5 {[%emt 0:01:04]} 44. Nf2 {[%emt 0:00:27]} Ne6 {[%emt 0:00:59]} 45. Ne4 {[%emt 0:01:39]} Kg6 {[%emt 0:02:44]} 46. Ra4 {[%emt 0:03:47]} Rf5 {[%emt 0:01:10]} 47. Ng3 {[%emt 0:00:35]} Rb5 {[%emt 0:00:53]} 48. h4 {[%emt 0:00:24]} Nf4+ {[%emt 0:00:48]} 49. Kh1 {[%emt 0:00:02]} gxh4 {[%emt 0:00:41]} 50. Rxf4 {[%emt 0:01:24]} hxg3 {[%emt 0:00:01]} 51. Kg2 {[%emt 0:00:02]} Rg5 {[%emt 0:01:36]} 52. Ra4 {[%emt 0:00:26]} Kh6 {[%emt 0:00:54]} 53. Rf4 {[%emt 0:01:01]} Rg6 {[%emt 0:00:10]} 54. Ra4 {[%emt 0:00:34]} f5 {[%emt 0:01:04]} 55. Rb4 {[%emt 0:00:17]} Kg7 {[%emt 0:00:19]} 56. Rh4 {[%emt 0:00:52]} Kf6 {[%emt 0:00:51]} 57. Rxh5 {[%emt 0:01:10]} f4 {[%emt 0:00:10]} 58. Ra5 {[%emt 0:01:23]} Rg5 {[%emt 0:00:20]} 59. Ra6+ {[%emt 0:00:37]} Kf5 {[%emt 0:00:06]} 60. Ra5+ {[%emt 0:00:13]} Kg6 {[%emt 0:00:05]} 61. Ra6+ {[%emt 0:00:04]} Kh5 {[%emt 0:00:04]} 62. Rf6 {[%emt 0:00:11]} Kh4 {[%emt 0:02:22]} 63. Rxf4+ {[%emt 0:01:02]} Kh5 64. Rf6 {[%emt 0:00:35]} Rg8 {[%emt 0:00:31]} 65. Ra6 {[%emt 0:01:08]} Kh4 {[%emt 0:00:43]} 66. Ra1 {[%emt 0:00:23]} Rg7 {[%emt 0:00:55]} 67. Rh1+ {[%emt 0:00:04]} Kg5 {[%emt 0:00:05]} 68. Kxg3 {[%emt 0:00:04]} Kf5+ {[%emt 0:00:08]} 69. Kf2 {[%emt 0:00:05]} Ra7 {[%emt 0:00:12]} 70. Rh5+ {[%emt 0:00:03]} Kf4 {[%emt 0:00:10]} 71. Rh4+ {[%emt 0:00:04]} Kg5 {[%emt 0:01:00]} 72. Kg3 {[%emt 0:00:12]} Ra1 {[%emt 0:00:23]} 73. Rh8 {[%emt 0:00:14]} Ra3 {[%emt 0:01:06]} 74. Rb8 {[%emt 0:00:11]} Ra4 {[%emt 0:00:31]} 75. f4+ {[%emt 0:00:18]} Kf5 {[%emt 0:00:34]} 76. Rb5+ {[%emt 0:00:09]} Kf6 {[%emt 0:00:06]} 77. Kg4 {[%emt 0:00:03]} Ra6 {[%emt 0:01:08]} 78. Rh5 {[%emt 0:01:54]} Re6 {[%emt 0:01:05]} 79. Rh6+ {[%emt 0:00:49]} Kf7 {[%emt 0:00:01]} 80. Rxe6 {[%emt 0:01:07]} Kxe6 {[%emt 0:00:01]} 81. Kg5 {[%emt 0:00:01]} Kf7 {[%emt 0:00:15]} 82. Kf5 {[%emt 0:00:05]} Kg7 {[%emt 0:00:16]} 83. Ke6 {[%emt 0:00:07]} Kg6 1-0

[Event "MPL 35th National U-20 Girls Chess-ch 20"]
[Site "Haryana"]
[Date "2022.03.11"]
[Round "6.3"]
[White "Bommini Mounika Akshaya"]
[Black "Divyabharathi Masanam"]
[Result "0-1"]
[WhiteElo "2145"]
[BlackElo "1711"]
[Annotator "ChessBase"]
[PlyCount "104"]
[EventDate "2022.03.09"]
[EventCountry "IND"]
[SourceTitle "playchess.com"]
[Source "ChessBase"]
[SourceQuality "1"]
[TimeControl "5400+30"]

1. d4 d5 2. c4 e6 3. Nc3 Nf6 4. cxd5 exd5 5. Bg5 Be7 6. e3 h6 7. Bh4 O-O 8. Bd3 b6 9. Nge2 Bb7 10. O-O c5 11. Rc1 Qd7 12. f3 Rd8 13. Bf2 Nc6 14. Ng3 g6 15. a3 Bf8 16. Nge2 Rac8 17. Re1 Bg7 18. b3 cxd4 19. Nxd4 Bf8 20. Nxc6 Bxc6 21. b4 a5 22. Qb3 Qd6 23. Rb1 Bd7 24. Ne2 Be6 25. Nd4 Bd7 26. Bg3 Qe7 27. Ba6 Ra8 28. Bb7 Ra7 29. Nc6 Bxc6 30. Bxc6 axb4 31. axb4 b5 32. Bxb5 Rb7 33. Qd3 Nh5 34. Bf2 Nf6 35. Bh4 g5 36. Bg3 Nh5 37. Bf2 Nf6 38. Ba4 Rxb4 39. Bc2 Bg7 40. Red1 Rdb8 41. Rxb4 Qxb4 42. Rb1 Qd6 43. Rxb8+ Qxb8 44. Be1 Qb6 45. Bc3 Kf8 46. Qf5 Qxe3+ 47. Kf1 Qxc3 48. Bd3 Ne4 49. Bxe4 dxe4 50. Qxe4 Bd4 51. Qa8+ Kg7 52. Qe4 Qd2 0-1

[Event "MPL 35th National U-20 Girls Chess-ch 20"]
[Site "Haryana"]
[Date "2022.03.11"]
[Round "6.4"]
[White "Abhirami Madabushi"]
[Black "Rindhiya V"]
[Result "0-1"]
[WhiteElo "1777"]
[BlackElo "1949"]
[Annotator "NA"]
[PlyCount "62"]
[EventDate "2022.03.09"]
[EventCountry "IND"]
[SourceTitle "playchess.com"]
[Source "ChessBase"]
[SourceQuality "1"]
[TimeControl "5400+30"]

1. e4 {[%emt 0:00:05]} e5 {[%emt 0:00:08]} 2. Nf3 {[%emt 0:00:05]} Nc6 {[%emt 0:00:02]} 3. Bc4 {[%emt 0:00:17]} Bc5 {[%emt 0:00:05]} 4. c3 {[%emt 0:00:05]} Nf6 {[%emt 0:00:04]} 5. d3 {[%emt 0:00:04]} d6 {[%emt 0:00:32]} 6. Bb3 {[%emt 0:00:05]} a6 {[%emt 0:01:05]} 7. Nbd2 {[%emt 0:00:21]} O-O {[%emt 0:01:16]} 8. Qe2 {[%emt 0:02:03]} Be6 {[%emt 0:05:42]} 9. Nc4 {[%emt 0:06:09]} b5 {[%emt 0:08:57]} 10. Ne3 {[%emt 0:00:47]} Bxe3 {[%emt 0:03:53]} 11. Bxe3 {[%emt 0:00:27]} h6 {[%emt 0:06:28]} 12. Bxe6 {[%emt 0:03:42]} fxe6 {[%emt 0:00:30]} 13. h3 {[%emt 0:00:09]} d5 {[%emt 0:04:41]} 14. O-O {[%emt 0:03:41]} Qd6 $14 {[%emt 0:12:08]} 15. b4 {[%emt 0:07:54]} dxe4 {[%emt 0:13:51]} 16. dxe4 {[%emt 0:00:09]} Nxe4 {[%emt 0:00:13]} 17. Qc2 {[%emt 0:07:33]} Qd5 {[%emt 0:01:21]} 18. Rad1 {[%emt 0:00:04]} Qc4 {[%emt 0:00:09]} 19. Bxh6 {[%emt 0:00:31]} Rf6 {[%emt 0:28:11]} 20. Rfe1 {[%emt 0:15:11]} Nxc3 {[%emt 0:04:43]} 21. Rd7 {[%emt 0:00:28]} Rxh6 {[%emt 0:00:41]} 22. Qd2 {[%emt 0:08:44]} Rg6 {[%emt 0:04:20]} 23. Rxc7 {[%emt 0:00:18]} Nd5 {[%emt 0:02:00]} 24. Rc1 {[%emt 0:05:39]} Qe4 {[%emt 0:00:28]} 25. Kh1 {[%emt 0:10:03]} Nxc7 {[%emt 0:00:24]} 26. Qd7 {[%emt 0:01:26]} Rf8 {[%emt 0:00:30]} 27. Rxc6 {[%emt 0:00:30]} Rxf3 {[%emt 0:00:41]} 28. Rxc7 {[%emt 0:00:18]} Qe1+ {[%emt 0:00:30]} 29. Kh2 {[%emt 0:00:05]} Rxg2+ {[%emt 0:00:00]} 30. Kxg2 {[%emt 0:00:11]} Qxf2+ {[%emt 0:00:11]} 31. Kh1 {[%emt 0:00:04]} Rxh3# {[%emt 0:00:05]} 0-1